Southville International School and Colleges
Your cart is empty.
  • Cart
  • Lists
    Public lists Eva Luna New books Lux_list list_1
    Your lists Log in to create your own lists
  • Log in to your account
  • Your cookies
  • Search history
Southville International School and Colleges
  • Advanced search
  • Recent comments
  • Most popular
  • Libraries

Log in to your account

Log in with GOOGLE


If you do not have an external account, but do have a local account, you can still log in:

  1. Home
  2. MARC view: RIP Van Winkle /
Normal view MARC view ISBD view

RIP Van Winkle / (Record no. 2430)

[ view plain ]
MARC details
000 -LEADER
fixed length control field 00487nam a22001937a 4500
003 - CONTROL NUMBER IDENTIFIER
control field OSt
005 - DATE AND TIME OF LATEST TRANSACTION
control field 20140310181732.0
008 - FIXED-LENGTH DATA ELEMENTS--GENERAL INFORMATION
fixed length control field 130316t xxu||||| |||| 00| 0 eng d
020 ## - INTERNATIONAL STANDARD BOOK NUMBER
International Standard Book Number 0517119420
050 ## - LIBRARY OF CONGRESS CALL NUMBER
Classification number PZ 7
Item number .Ir68Ri 1994
082 ## - DEWEY DECIMAL CLASSIFICATION NUMBER
Classification number PS2068
Item number .A1 1994
100 ## - MAIN ENTRY--PERSONAL NAME
Personal name Irving, Washington
9 (RLIN) 3543
245 ## - TITLE STATEMENT
Title RIP Van Winkle /
Remainder of title Washington Irving
260 ## - PUBLICATION, DISTRIBUTION, ETC. (IMPRINT)
Place of publication, distribution, etc Philadelphia :
Name of publisher, distributor, etc Lippincott ,
Date of publication, distribution, etc 1994.
300 ## - PHYSICAL DESCRIPTION
Extent 102 p.
Dimensions 24 cm
562 ## - COPY AND VERSION IDENTIFICATION NOTE
Number of copies 1
942 ## - ADDED ENTRY ELEMENTS (KOHA)
Source of classification or shelving scheme Library of Congress Classification
Koha item type
Holdings
Withdrawn status Lost status Source of classification or shelving scheme Damaged status Home library Current library Shelving location Date acquired Total Checkouts Full call number Barcode Date last seen Copy number Price effective from Koha item type
    Library of Congress Classification   Luxembourg Library Luxembourg Library Grade School Section 03/16/2013   PZ 7 .Ir68Ri 1994 8740 05/27/2015 1 03/16/2013 Books

RIP Van Winkle /

APA

Irving W., . (1994). RIP Van Winkle. Philadelphia: Lippincott.

Chicago

Irving Washington, . 1994. RIP Van Winkle. Philadelphia: Lippincott.

Harvard

Irving W., . (1994). RIP Van Winkle. Philadelphia: Lippincott.

MLA

Irving Washington, . RIP Van Winkle. Philadelphia: Lippincott. 1994.

  • Place hold
  • Print
  • Cite
  • Add to your cart (remove)
  • Save record
    BIBTEX Dublin Core MARCXML MARC (non-Unicode/MARC-8) MARC (Unicode/UTF-8) MARC (Unicode/UTF-8, Standard) MODS (XML) RIS
  • More searches
    Search for this title in:
    Other Libraries (WorldCat) Other Databases (Google Scholar) Online Stores (Bookfinder.com) Open Library (openlibrary.org)

Exporting to Dublin Core...

SOUTHVILLE LIBRARY

Southville International School and Colleges Library

1281 Tropical Ave. Cor. Luxembourg St., BF Homes International, Las Pinas City

Tel. No. 8256374 / 252358 Loc. 117/146

Powered by Koha